000 00935nam a2200217Ia 4500
008 0000001989 usa 0000000000eng00
090 _aPUS00 F69r
100 1 _aFoX, Howard N.
245 1 0 _aRobert Longo
_c/ Howard N. Fox ; with essays by Hal Foster, Katherine Dieckmann, Brian Wallis
300 _a205 p.
_c/ 27 cm.
500 _aExposición realizada en Los Angeles County Museum of Art, octubre 1 Diciembre 31, 1989 \ Con el patronazgo del maestro venezolano Jesús Rafael Soto (q.e.p.d.)
600 0 0 _aLONGO, ROBERT, 1953/
_xTRABAJOS PICTORICOS
650 1 4 _aARTE CONTEMPORANEO ESTADOUNIDENSE
650 1 4 _aARTISTAS PLASTICOS ESTADOUNIDENSES
650 1 4 _xCATALOGOS
650 1 4 _aDIBUJOS ESTADOUNIDENSES
650 1 4 _xEXPOSICIONES
650 1 4 _aPINTURA ESTADOUNIDENSE
700 1 _aFoster, Hal \ Wallis, Brian \ Dieckmann, Katherine
999 _c4426
_d4426
260 _aLos Angeles : Los Angeles County Museum of Art
_c1989